The G.O.A.T.s of American Football - Statistics

General Stats
  • This quiz has been taken 286 times
  • The average score is 3 of 7
Answer Stats
Answer % Correct
Tom Brady
98%
Jerry Rice
65%
Peyton Manning
59%
Drew Brees
33%
Lawrence Taylor
32%
Jim Brown
31%
Bo Jackson
13%
No matching quizzes found
Score Distribution
Percent of People with Each Score
Percentile by Number Answered
Your Score History
You have not taken this quiz